| 000 | 00456nam a2200121Ia 4500 | ||
|---|---|---|---|
| 008 | 230222s9999||||xx |||||||||||||| ||und|| | ||
| 040 | _cChuka University Library | ||
| 050 |
_aTHE HG 5740 _bG58 2015 |
||
| 100 |
_aWainaina Hellen W. _93901 |
||
| 245 | 0 | _aFactors affecting implementation of early childhood development education in public centers in imenti South District, meru county, Kenya | |
| 260 |
_aChuka University College _bChuka _c2015 |
||
| 942 | _cBK | ||
| 999 |
_c12449 _d12449 |
||